Visualizzazione normale
Vista MARC
- Calgaro Ottorino
di Personal Name
Records bibliografici associati: 1
001 - CONTROL NUMBER
- control field: 53041
003 - CONTROL NUMBER IDENTIFIER
- control field: IT-RoPau
005 - DATE AND TIME OF LATEST TRANSACTION
- control field: 20151203094509.0
008 - FIXED-LENGTH DATA ELEMENTS
- fixed length control field: 151203|| aca||aabn | a|a d
040 ## - CATALOGING SOURCE
- Original cataloging agency: IT-RoPau
- Transcribing agency: IT-RoPau
100 ## - HEADING--PERSONAL NAME
- Personal name: Calgaro Ottorino
- Relator term: (soggetto)
- Miscellaneous information: Codice Soggetto SPICS: 41843
670 ## - SOURCE DATA FOUND
- Source citation: Work cat.: (IT-RoPau)107659: Girardi Daniele Codice regista SPICS: 41844 53039, CAPIRE E VIVERE LA MESSA (1) - RITI INTRODUTTIVI E LITURGIA DELLA PAROLA CAPIRE E VIVERE LA MESSA (1) - RITI INTRODUTTIVI E LITURGIA DELLA PAROLA (Rif. Codice opera principale : C6072)